000 00659nam a2200205Ia 4500
003 GCL
008 140319s9999 xx 000 0 ara d
040 _aGCL /
_cGCL
082 0 4 _a965.904
_bعق
100 1 _aعادل حسن غنيم
245 1 0 _aالقضية الفلسطينية : دراسات معاصرة لبعض جوانبها /
_cعادل حسن غنيم
300 _a201
490 _aكتاب
_v0
650 0 4 _aفلسطين
650 0 4 _aالقضية الفلسطينية
650 0 4 _aفلسطين المحتلة
650 0 4 _aفلسطين - تاريخ
650 0 4 _aفلسطين - تاريخ - العصر الحديث
942 _2ddc
_cBK
999 _c42298
_d42298